000 01216nam a22002897a 4500
005 20240530110523.0
008 160223s2011 ua a g b 000 0deng d
017 _a2011/5624
_bمصر . دار الكتب المصرية
020 _a9789777045414
040 _aEG-CaGPL
082 0 4 _221
_a953.08\
_bو ف
100 0 _aواترسون ، جيمس .
245 1 0 _aفرسان الاسلام و حروب المماليك /
_cتاليف جيمس واترسون ؛ تقديم جون مان ؛ ترجمة يعقوب عبدالرحمن ؛ مراجعة حاتم الطحاوى .
250 _aط1.
260 _aالقاهرة :
_bالمركز القومى للترجمة ،
_c2011 .
300 _a423 ص ؛
_c24 سم .
490 0 _aالمركز القومى للترجمة ، العدد 1932 .
650 0 4 _aدولة المماليك .
650 0 4 _aالمماليك الجراكسة .
650 0 4 _aالدولة السلجوقية .
650 0 4 _aالحروب الصليبية .
700 0 _aجون مان
_eمقدم .
700 0 _aحاتم الطحاوى
_eمراجع .
700 0 _aيعقوب عبدالرحمن
_eمترجم .
942 _2ddc
_cBK
999 _c61934
_d61934